Report of the special meeting of African ministers responsible for human settlements in the African region : (Record no. 8214)

MARC details
000 -LEADER
fixed length control field 00915nam a22002292 4500
001 - CONTROL NUMBER
control field 0000012184
005 - DATE AND TIME OF LATEST TRANSACTION
control field 20151217152108.0
008 - FIXED-LENGTH DATA ELEMENTS--GENERAL INFORMATION
fixed length control field 090213s xx 000 0 eng d
020 ## - INTERNATIONAL STANDARD BOOK NUMBER
International Standard Book Number 9211312418 :
040 ## - CATALOGING SOURCE
Original cataloging agency KABU
Transcribing agency KABU
245 10 - TITLE STATEMENT
Title Report of the special meeting of African ministers responsible for human settlements in the African region :
Remainder of title preparatory to the second United Nations coference on human settlements (Habitat II) /
250 ## - EDITION STATEMENT
Edition statement 1st ed.
260 ## - PUBLICATION, DISTRIBUTION, ETC. (IMPRINT)
Place of publication, distribution, etc. Nairobi :
Name of publisher, distributor, etc. Habitat,
Date of publication, distribution, etc. 1994.
300 ## - PHYSICAL DESCRIPTION
Extent 28 p.
650 #0 - SUBJECT ADDED ENTRY--TOPICAL TERM
Topical term or geographic name as entry element Human settlements
General subdivision Congresses
Geographic subdivision Africa.
-- 0000168428
710 2# - ADDED ENTRY--CORPORATE NAME
Corporate name or jurisdiction name as entry element United Nations Centre for Human Settlements (Habitat)
-- 0000168419
852 1# - LOCATION
-- p200 KES
852 1# - LOCATION
-- p200 KES
852 1# - LOCATION
-- p200 KES
908 ## - PUT COMMAND PARAMETER (RLIN)
Put command parameter 090213
950 ## - LOCAL HOLDINGS (RLIN)
-- 1
Holdings
Withdrawn status Lost status Source of classification or shelving scheme Not for loan Home library Current library Date acquired Total Checkouts Full call number Barcode Date last seen Price effective from Koha item type
    Library of Congress Classification   Kabarak, Main Campus Kabarak, Main Campus 17/12/2015   HN772 .R47 1994 c. 2 16601 17/12/2015 17/12/2015 General Collection
    Library of Congress Classification   Kabarak, Main Campus Kabarak, Main Campus 17/12/2015   HN772 .R47 1994 c. 3 16602 17/12/2015 17/12/2015 General Collection
    Library of Congress Classification   Kabarak, Main Campus Kabarak, Main Campus 17/12/2015   HN772 .R47 1994 c. 4 16603 17/12/2015 17/12/2015 General Collection
    Library of Congress Classification   Kabarak, Main Campus Kabarak, Main Campus 17/12/2015   HN772 .R47 1994 c. 1 16600 17/12/2015 17/12/2015 Africana Collection
Designed with assistance from East African Informatics Ltd